000 00421nam a2200181Ia 4500
001 1035
005 20260306140602.0
008 260306t2016||||xx |||||||||||||| ||spa||
041 _aESP
082 _a180
_bG18
100 _aGambra, Rafael
_eAUT
245 0 _aHistoria sencilla de la filosofía
260 _c2016
300 _a318 páginas :
_c21 cm.
650 _aGEN
654 _aCHU
942 _cLIB
_dJUS
_fJUS
_2ddc
_n
999 _c1035
_d1035